Κείμενα για την τέχνη

Saved in:
Bibliographic Details
Main Author: Zola, Émile, 1840-1902
Format: Book
Language:Greek
French
Published: Αθήνα : Printa, c2003.
Series:Στις πηγές της γνώσης
Subjects:
Tags: Add Tag
No Tags, Be the first to tag this record!

MARC

LEADER 00000cam a2200000 i 4500
001 1/29991
008 130523s2003 gr | ||| |||| ||gre||
020 |a 9607408829 
035 |l 10114479 
040 |a GR-MyUa  |b gre  |e AACR2 
041 1 |a gre  |h fre 
082 7 |a 759.409034   |2 (22) 
100 1 |a Zola, Émile,   |d 1840-1902. 
245 1 0 |a Κείμενα για την τέχνη /   |c Εμίλ Ζολά ; μετάφραση Μάρθα-Έλλη Χριστοφόγλου.  
260 |a Αθήνα :   |b Printa,   |c c2003.  
300 |a 247 σ. ;   |c 21 εκ. 
490 1 |a (Στις πηγές της γνώσης) 
500 |a Τίτλος πρωτοτύπου: Ecrits sur l'art. 
600 1 0 |a Zola, Émile,   |d 1840-1902  |x Aesthetics. 
610 2 0 |a Société des artistes français.   |b Salon. 
650 0 |a Painting, French  |y 19th century. 
650 0 |a Art criticism  |z France  |x History  |y 19th century. 
830 0 |a Στις πηγές της γνώσης 
852 |a INST  |b SYROS  |c EUDOXUS  |e 20130523  |h 759.409034 ZOL  |p 005500010828  |q 005500010828  |t EDX  |y 0 
901 |a BIBL5-2013-1 
920 |a Εύδοξος  |b Παραγγελία  |y Σύρος-ΤΜΣΠΣ  |z 2013-05 
970 |a Κοντού  |b Παρασκευή  |z 23/05/2013